| 000 -LEADER |
| fixed length control field |
03164cam a22003974i 4500 |
| 001 - CONTROL NUMBER |
| control field |
17036369 |
| 003 - CONTROL NUMBER IDENTIFIER |
| control field |
OSt |
| 005 - DATE AND TIME OF LATEST TRANSACTION |
| control field |
20180116192416.0 |
| 008 - FIXED-LENGTH DATA ELEMENTS--GENERAL INFORMATION |
| fixed length control field |
111106s2012 enka b 001 0 eng |
| 010 ## - LIBRARY OF CONGRESS CONTROL NUMBER |
| LC control number |
2011044367 |
| 020 ## - INTERNATIONAL STANDARD BOOK NUMBER |
| International Standard Book Number |
9780521147088 (pbk.) |
| 020 ## - INTERNATIONAL STANDARD BOOK NUMBER |
| International Standard Book Number |
0521147085 (pbk.) |
| 035 ## - SYSTEM CONTROL NUMBER |
| System control number |
(OCoLC)ocn760532219 |
| 040 ## - CATALOGING SOURCE |
| Original cataloging agency |
DLC |
| Language of cataloging |
eng |
| Transcribing agency |
DLC |
| Description conventions |
rda |
| Modifying agency |
YDX |
| -- |
YDXCP |
| -- |
CDX |
| -- |
BWX |
| -- |
OCLCO |
| -- |
DLC |
| 042 ## - AUTHENTICATION CODE |
| Authentication code |
pcc |
| 050 00 - LIBRARY OF CONGRESS CALL NUMBER |
| Classification number |
GN34.3.S7 |
| Item number |
M33 2012 |
| 082 00 - DEWEY DECIMAL CLASSIFICATION NUMBER |
| Classification number |
301.0727 |
| Edition number |
23 |
| 084 ## - OTHER CLASSIFICATION NUMBER |
| Classification number |
SCI070050 |
| Number source |
bisacsh |
| 100 1# - MAIN ENTRY--PERSONAL NAME |
| Personal name |
Madrigal, Lorena. |
| 9 (RLIN) |
6722 |
| 245 10 - TITLE STATEMENT |
| Title |
Statistics for anthropology / |
| Statement of responsibility, etc. |
Lorena Madrigal. |
| 250 ## - EDITION STATEMENT |
| Edition statement |
Second edition. |
| 260 ## - PUBLICATION, DISTRIBUTION, ETC. |
| Place of publication, distribution, etc. |
Cambridge : |
| Name of publisher, distributor, etc. |
Cambridge University Press, |
| Date of publication, distribution, etc. |
2012. |
| 300 ## - PHYSICAL DESCRIPTION |
| Extent |
xiv, 264 pages : |
| Other physical details |
illustrations ; |
| Dimensions |
25 cm. |
| 504 ## - BIBLIOGRAPHY, ETC. NOTE |
| Bibliography, etc. note |
Includes bibliographical references and index. |
| 505 8# - FORMATTED CONTENTS NOTE |
| Formatted contents note |
Machine generated contents note: Preface; List of partial statistical tables; 1. Introduction to statistics and simple descriptive statistics; 2. The first step in data analysis: summarizing and displaying data. Computing descriptive statistics; 3. Probability and statistics; 4. Hypothesis testing and estimation; 5. The difference between two means; 6. The analysis of variance (ANOVA); 7. Non-parametric tests for the comparison of samples; 8. The analysis of frequencies; 9. Correlation analysis; 10. Simple linear regression; 11. Advanced topics in regression analysis; References; Index. |
| 520 ## - SUMMARY, ETC. |
| Summary, etc. |
"Anthropology as a discipline is rapidly becoming more quantitative, and anthropology students are now required to develop sophisticated statistical skills. This book provides students of anthropology with a clear, step-by-step guide to univariate statistical methods, demystifying the aspects that are often seen as difficult or impenetrable. Explaining the central role of statistical methods in anthropology, and using only anthropological examples, the book provides a solid footing in statistical techniques. Beginning with basic descriptive statistics, this new edition also covers more advanced methods such as analyses of frequencies and variance, and simple and multiple regression analysis with dummy and continuous variables. It addresses commonly encountered problems such as small samples and non-normality. Each statistical technique is accompanied by clearly worked examples, and the chapters end with practice problem sets"-- |
| 650 #0 - SUBJECT ADDED ENTRY--TOPICAL TERM |
| Topical term or geographic name entry element |
Anthropology |
| General subdivision |
Statistical methods. |
| 9 (RLIN) |
6723 |
| 856 42 - ELECTRONIC LOCATION AND ACCESS |
| Materials specified |
Cover image |
| Uniform Resource Identifier |
<a href="http://assets.cambridge.org/97805211/47088/cover/9780521147088.jpg">http://assets.cambridge.org/97805211/47088/cover/9780521147088.jpg</a> |
| 856 42 - ELECTRONIC LOCATION AND ACCESS |
| Materials specified |
Contributor biographical information |
| Uniform Resource Identifier |
<a href="http://catdir.loc.gov/catdir/enhancements/fy1205/2011044367-b.html">http://catdir.loc.gov/catdir/enhancements/fy1205/2011044367-b.html</a> |
| 856 42 - ELECTRONIC LOCATION AND ACCESS |
| Materials specified |
Publisher description |
| Uniform Resource Identifier |
<a href="http://catdir.loc.gov/catdir/enhancements/fy1205/2011044367-d.html">http://catdir.loc.gov/catdir/enhancements/fy1205/2011044367-d.html</a> |
| 856 41 - ELECTRONIC LOCATION AND ACCESS |
| Materials specified |
Table of contents only |
| Uniform Resource Identifier |
<a href="http://catdir.loc.gov/catdir/enhancements/fy1205/2011044367-t.html">http://catdir.loc.gov/catdir/enhancements/fy1205/2011044367-t.html</a> |
| 906 ## - LOCAL DATA ELEMENT F, LDF (RLIN) |
| a |
7 |
| b |
cbc |
| c |
orignew |
| d |
1 |
| e |
ecip |
| f |
20 |
| g |
y-gencatlg |
| 942 ## - ADDED ENTRY ELEMENTS (KOHA) |
| Source of classification or shelving scheme |
|
| Koha item type |
Book |